Corporate Real Estate Management / (Record no. 121364)

MARC details
000 -LEADER
fixed length control field 01408nam a22002773i 4500
001 - CONTROL NUMBER
control field BDZ0047307737
003 - CONTROL NUMBER IDENTIFIER
control field StDuBDS
005 - DATE AND TIME OF LATEST TRANSACTION
control field 20230206132343.0
007 - PHYSICAL DESCRIPTION FIXED FIELD--GENERAL INFORMATION
fixed length control field cr||||||||||||
008 - FIXED-LENGTH DATA ELEMENTS--GENERAL INFORMATION
fixed length control field 201217s2020 enk go 000|0|eng d
020 ## - INTERNATIONAL STANDARD BOOK NUMBER
ISBN 9783658322229 :
Terms of availability 3.99
040 ## - CATALOGING SOURCE
Original cataloging agency StDuBDS
100 1# - MAIN ENTRY--PERSONAL NAME
Personal author Thomas, Glatte,
Relator term author.
245 10 - TITLE STATEMENT
Title Corporate Real Estate Management /
Statement of responsibility, etc Glatte Thomas.
264 #1 - PRODUCTION, PUBLICATION, DISTRIBUTION, MANUFACTURE, AND COPYRIGHT NOTICE
Name of producer, publisher, distributor, manufacturer Springer Fachmedien Wiesbaden,
Date of production, publication, distribution, manufacture, or copyright notice 2020.
300 ## - PHYSICAL DESCRIPTION
Physical description 1 online resource
520 8# - ABSTRACT
Abstract Thomas Glatte provides a comprehensive view on theessentialsof corporate real estate management (CREM). The author explains in the influence of corporate strategies on real estate strategies for non-property-companies as well as the importance of corporate real estate portfolios, the set-up of CREM organizations and the handling of respective services. He also elaborates the specifics of corporate social responsibility, sustainability, corporate architecture & design and workplace management.
650 #7 - KEYWORDS
Keywords Finance and Accounting
650 #7 - KEYWORDS
Keywords Property & real estate
650 #7 - KEYWORDS
Keywords EBOOK
690 ## - BROAD SUBJECT
9 (RLIN) 6262
Broad subject Property management
856 40 - ONLINE RESOURCE
Uniform Resource Identifier <a href="https://www.vlebooks.com/vleweb/product/openreader?id=RICS&accId=9491556&isbn=9783658322229">https://www.vlebooks.com/vleweb/product/openreader?id=RICS&accId=9491556&isbn=9783658322229</a>
Public note View on VLEbooks. Logins for members only from [email protected]
336 ## - CONTENT TYPE
Content type term text
Source rdacontent
337 ## - MEDIA TYPE
Media type term unmediated
Source rdamedia
338 ## - CARRIER TYPE
Carrier type term volume
Source rdacarrier
Holdings
Lost status Damaged status Not for loan Home library Current library Shelving location Date acquired Source of acquisition Total Checkouts Full call number Date last seen Price effective from Koha item type
      Virtual Virtual Online 06/02/2023 Browns Books   eBook 06/02/2023 06/02/2023 Book